[Event "ENCI Limburg-open C"]
[Site "Maastricht"]
[Date "2010.05.24"]
[Round "7"]
[White "Daemen, Jules"]
[Black "Allen, Tim"]
[Result "0-1"]
[WhiteElo "1634"]
[BlackElo "1699"]
[PlyCount "72"]
[EventDate "2010.05.21"]
[EventType "swiss"]
[EventRounds "7"]
[EventCountry "NED"]
[Source "P.Boonen"]
[SourceDate "2010.10.01"]

1. d4 d5 2. c4 e5 3. dxe5 d4 4. Nf3 Nc6 5. g3 f6 6. exf6 Qxf6 7. Bg2 Be6 8. Bg5
Bb4+ 9. Nbd2 Qg6 10. a3 Be7 11. Bxe7 Ngxe7 12. O-O O-O 13. b4 Rad8 14. Nh4 Qh6
15. Be4 Nf5 16. Nxf5 Bxf5 17. Bxc6 Qxc6 18. f3 Qg6 19. Rc1 Rfe8 20. Re1 Re3 21.
g4 Be6 22. a4 h5 23. h3 hxg4 24. hxg4 Bxg4 25. Kf2 Qh6 26. Rh1 Qf6 27. Rh2 Rde8
28. Kg1 Bd7 29. Ne4 Qe5 30. Rc2 Bc6 31. Rg2 Bxe4 32. fxe4 Qxe4 33. Rd2 Rd8 34.
Rd3 b6 35. Rg3 Rxe2 36. Qb3 Re1+ 0-1

[Event "ENCI Limburg-open C"]
[Site "Maastricht"]
[Date "2010.05.24"]
[Round "7"]
[White "De Lange, Marieke"]
[Black "Demarre, Mathias"]
[Result "1-0"]
[WhiteElo "1253"]
[BlackElo "1119"]
[PlyCount "77"]
[EventDate "2010.05.21"]
[EventType "swiss"]
[EventRounds "7"]
[EventCountry "NED"]
[Source "P.Boonen"]
[SourceDate "2010.10.01"]

1. e4 e5 2. Nf3 Nc6 3. Bc4 Nf6 4. Nc3 d6 5. O-O Bg4 6. h3 Bh5 7. d3 Nd4 8. Bg5
Nxf3+ 9. gxf3 Qd7 10. Kh2 Be7 11. Bd2 h6 12. Qe2 Nh7 13. Rg1 Bg5 14. Bxg5 Nxg5
15. Rg3 O-O-O 16. Qe3 b6 17. f4 exf4 18. Qxf4 Rdf8 19. Qe3 Re8 20. f4 Ne6 21.
d4 g5 22. fxg5 Nxg5 23. h4 Ne6 24. d5 Nc5 25. Bb5 Qe7 26. Bxe8 Qxe8 27. Qf4 Qe7
28. Qf5+ Kb7 29. Qxh5 Qf6 30. Rf3 Qd4 31. Rd1 Qb4 32. Rb1 Qd4 33. Re1 Qb4 34.
e5 Qxb2 35. Re2 dxe5 36. Qxe5 Rg8 37. Rxf7 Qa1 38. Qxc7+ Ka6 39. Qxa7# 1-0

[Event "ENCI Limburg-open C"]
[Site "Maastricht"]
[Date "2010.05.24"]
[Round "7"]
[White "Demarre, Thomas"]
[Black "Houben, Tom"]
[Result "1-0"]
[WhiteElo "1332"]
[BlackElo "949"]
[PlyCount "63"]
[EventDate "2010.05.21"]
[EventType "swiss"]
[EventRounds "7"]
[EventCountry "NED"]
[Source "P.Boonen"]
[SourceDate "2010.10.01"]

1. d4 d5 2. Bf4 Bf5 3. Nf3 e6 4. e3 Nf6 5. c4 c6 6. Qb3 Qb6 7. Nc3 Qxb3 8. axb3
Bb4 9. Be2 Ne4 10. Rc1 O-O 11. O-O Bxc3 12. bxc3 Bg4 13. cxd5 cxd5 14. h3 Bxf3
15. Bxf3 Nd2 16. Rfd1 Nxb3 17. Rb1 Na5 18. e4 Nd7 19. exd5 exd5 20. Bxd5 Rac8
21. Bxb7 Rxc3 22. Bd2 Ra3 23. Bb4 Ra4 24. Bxf8 Kxf8 25. Ra1 Nb6 26. Rxa4 Nxa4
27. Ra1 Nxb7 28. Rxa4 Nd6 29. Rxa7 Nf5 30. d5 Nd4 31. d6 Nb5 32. Ra8# 1-0

[Event "ENCI Limburg-open C"]
[Site "Maastricht"]
[Date "2010.05.24"]
[Round "7"]
[White "Dubbeldam, Mathijs"]
[Black "Dijkstra, Hidde"]
[Result "0-1"]
[WhiteElo "1002"]
[BlackElo "1368"]
[PlyCount "58"]
[EventDate "2010.05.21"]
[EventType "swiss"]
[EventRounds "7"]
[EventCountry "NED"]
[Source "P.Boonen"]
[SourceDate "2010.10.01"]

1. e4 d5 2. d4 dxe4 3. Nc3 Nf6 4. Bc4 e6 5. a3 Nc6 6. Nge2 Be7 7. Be3 O-O 8.
O-O b6 9. d5 exd5 10. Nxd5 Bb7 11. Ng3 Ne5 12. Be2 Nxd5 13. Bd2 Nf6 14. Qc1 Ng6
15. Nf5 Bc5 16. b4 Bd4 17. Rb1 Qd7 18. Nxd4 Qxd4 19. Rb3 Rad8 20. Bg5 h6 21.
Be3 Qe5 22. c4 Rd7 23. c5 Qe6 24. Rc3 Rdd8 25. cxb6 cxb6 26. Bd2 Rc8 27. Qb2
Qd5 28. Rfc1 e3 29. Bf3 Qxd2 0-1

[Event "ENCI Limburg-open C"]
[Site "Maastricht"]
[Date "2010.05.24"]
[Round "7"]
[White "Elisen, Peter"]
[Black "Keetman, Sandra"]
[Result "1-0"]
[WhiteElo "1589"]
[BlackElo "1295"]
[PlyCount "145"]
[EventDate "2010.05.21"]
[EventType "swiss"]
[EventRounds "7"]
[EventCountry "NED"]
[Source "P.Boonen"]
[SourceDate "2010.10.01"]

1. c4 e5 2. Nc3 Nc6 3. g3 Nf6 4. Bg2 Bc5 5. e3 O-O 6. Nge2 Re8 7. O-O b6 8. a3
Bb7 9. b4 Bd6 10. e4 Qe7 11. d3 a5 12. b5 Nd4 13. Nxd4 exd4 14. Ne2 c5 15. f4
Ng4 16. Re1 Rab8 17. Nxd4 cxd4 18. Qxg4 g6 19. Bb2 Bc5 20. Rf1 h5 21. Qe2 d5
22. cxd5 Bxd5 23. f5 Qf6 24. fxg6 Qxg6 25. Qd2 Be6 26. e5 Bf5 27. Rae1 Bxd3 28.
Rf6 Qh7 29. Rh6 Qf5 30. Rf6 Qh7 31. Qg5+ Bg6 32. Be4 Kg7 33. Bd5 Rf8 34. Ref1
Kh8 35. e6 fxe6 36. Rxf8+ Rxf8 37. Rxf8+ Bxf8 38. Bxd4+ Bg7 39. Qd8+ Qg8 40.
Bxg7+ Kxg7 41. Qc7+ Kh6 42. Qf4+ Kg7 43. Qe5+ Kh6 44. Bxe6 Qg7 45. Qe3+ Kh7 46.
Qxb6 Qa1+ 47. Kf2 Qb2+ 48. Ke3 Qxa3+ 49. Kd4 Qb4+ 50. Ke5 Qe4+ 51. Kd6 Qb4+ 52.
Kc7 Qe7+ 53. Kb8 Qe8+ 54. Ka7 Qe7+ 55. Qb7 Qxb7+ 56. Kxb7 Be4+ 57. Kc7 a4 58.
b6 a3 59. b7 Bxb7 60. Kxb7 Kg6 61. h3 Kf6 62. Bg8 Kg7 63. Bc4 Kg6 64. Kb6 Kg5
65. Kb5 h4 66. g4 Kf4 67. Ka4 Kg5 68. Kxa3 Kf4 69. Kb3 Kg5 70. Kc3 Kf4 71. Kd4
Kg5 72. Ke5 Kg6 73. Kf4 1-0

[Event "ENCI Limburg-open C"]
[Site "Maastricht"]
[Date "2010.05.24"]
[Round "7"]
[White "Fortenbacher, Florian"]
[Black "Van Eijk, Liedewij"]
[Result "1-0"]
[WhiteElo "1431"]
[BlackElo "1281"]
[PlyCount "85"]
[EventDate "2010.05.21"]
[EventType "swiss"]
[EventRounds "7"]
[EventCountry "NED"]
[Source "P.Boonen"]
[SourceDate "2010.10.01"]

1. e4 d6 2. Nf3 Nd7 3. Bc4 h6 4. d4 Ngf6 5. Nc3 e5 6. dxe5 dxe5 7. h3 c6 8. Be3
Bb4 9. Bd2 Qc7 10. Qe2 b5 11. Bd3 Nc5 12. a3 Bxc3 13. Bxc3 Nxd3+ 14. Qxd3 Nd7
15. Rd1 O-O 16. Qd6 Qxd6 17. Rxd6 c5 18. Nxe5 Re8 19. Nxd7 Rxe4+ 20. Kd1 Bxd7
21. Rxd7 b4 22. axb4 cxb4 23. Bd2 a5 24. Re1 Rc4 25. Ree7 b3 26. c3 a4 27. Rc7
a3 28. bxa3 Rxc7 29. Rxc7 Rb8 30. Bc1 b2 31. Bxb2 Rxb2 32. a4 Rxf2 33. a5 Ra2
34. Ra7 Kf8 35. c4 Rxg2 36. c5 Ke8 37. c6 Kd8 38. Rd7+ Kc8 39. a6 Ra2 40. a7 f5
41. Rxg7 f4 42. Rg8+ Kc7 43. a8=Q 1-0

[Event "ENCI Limburg-open C"]
[Site "Maastricht"]
[Date "2010.05.24"]
[Round "7"]
[White "Geene, Joris"]
[Black "Van der Wouw, Paul"]
[Result "1/2-1/2"]
[WhiteElo "1600"]
[BlackElo "1606"]
[PlyCount "35"]
[EventDate "2010.05.21"]
[EventType "swiss"]
[EventRounds "7"]
[EventCountry "NED"]
[Source "P.Boonen"]
[SourceDate "2010.10.01"]

1. e4 Nf6 2. Nc3 e5 3. Nf3 Nc6 4. Bb5 a6 5. Ba4 d6 6. d3 Be7 7. h3 O-O 8. Be3
b5 9. Bb3 Na5 10. Qd2 Bb7 11. O-O Nxb3 12. axb3 Re8 13. Rad1 Bf8 14. Ne2 d5 15.
exd5 Nxd5 16. Ng3 Nxe3 17. Qxe3 Qf6 18. Nd2 1/2-1/2

[Event "ENCI Limburg-open C"]
[Site "Maastricht"]
[Date "2010.05.24"]
[Round "7"]
[White "Gerlagh, Joris"]
[Black "Heinemans, Nol"]
[Result "1-0"]
[WhiteElo "1654"]
[BlackElo "1680"]
[PlyCount "53"]
[EventDate "2010.05.21"]
[EventType "swiss"]
[EventRounds "7"]
[EventCountry "NED"]
[Source "P.Boonen"]
[SourceDate "2010.10.01"]

1. d4 c6 2. e4 d6 3. Nf3 Bg4 4. Be2 g6 5. c3 Bg7 6. Qb3 Bxf3 7. Bxf3 Qc7 8. Bf4
Nd7 9. Nd2 e5 10. Be3 Ne7 11. O-O f5 12. exf5 d5 13. dxe5 Nxe5 14. Qa4 Nxf5 15.
Rae1 O-O 16. Bf4 b5 17. Bxe5 Bxe5 18. Qb3 Bxh2+ 19. Kh1 Qf4 20. Rd1 Qh4 21.
Bxd5+ Kg7 22. Nf3 Qh5 23. Nxh2 Rad8 24. Bf3 Qh4 25. Qc2 g5 26. Rxd8 Rxd8 27.
Qxf5 1-0

[Event "ENCI Limburg-open C"]
[Site "Maastricht"]
[Date "2010.05.24"]
[Round "7"]
[White "Godding, Mick"]
[Black "Senden, Sjef"]
[Result "0-1"]
[WhiteElo "1516"]
[BlackElo "1710"]
[PlyCount "58"]
[EventDate "2010.05.21"]
[EventType "swiss"]
[EventRounds "7"]
[EventCountry "NED"]
[Source "P.Boonen"]
[SourceDate "2010.10.01"]

1. e4 c5 2. d4 cxd4 3. c3 d3 4. Bxd3 e5 5. f4 Nc6 6. Nf3 d6 7. O-O Be7 8. Be3
Nf6 9. h3 O-O 10. f5 d5 11. Nbd2 dxe4 12. Bxe4 Nxe4 13. Nxe4 Bxf5 14. Ng3 Bd3
15. Rf2 f5 16. Rd2 e4 17. Nd4 Nxd4 18. Bxd4 Bg5 19. Qb3+ Kh8 20. Nh5 Bh6 21.
Qxb7 Qg5 22. Nxg7 Bxg7 23. Rad1 Bxd4+ 24. cxd4 Qe3+ 25. Kh1 Qxd4 26. Qb3 Qb6
27. Qd5 Qf6 28. Rc1 Rad8 29. Qb7 Rf7 0-1

[Event "ENCI Limburg-open C"]
[Site "Maastricht"]
[Date "2010.05.24"]
[Round "7"]
[White "Gundogmus, Alaettin"]
[Black "Snoeks, Marnicq"]
[Result "1-0"]
[WhiteElo "1558"]
[BlackElo "1286"]
[PlyCount "91"]
[EventDate "2010.05.21"]
[EventType "swiss"]
[EventRounds "7"]
[EventCountry "NED"]
[Source "P.Boonen"]
[SourceDate "2010.10.01"]

1. e4 e5 2. Nf3 d6 3. Bc4 Be7 4. d3 Nf6 5. h3 O-O 6. Nc3 Be6 7. Bb3 c6 8. O-O
Qd7 9. Ng5 Na6 10. Nxe6 fxe6 11. Be3 Nc7 12. f4 exf4 13. Bxf4 d5 14. exd5 Nfxd5
15. Bd2 Rxf1+ 16. Qxf1 Rf8 17. Qe2 Re8 18. Rf1 e5 19. Kh1 Bf6 20. Ne4 Kh8 21.
Nc5 Qc8 22. Ne4 Qd8 23. Qg4 b6 24. Nxf6 Nxf6 25. Qh4 Nfd5 26. Bg5 Qd6 27. c4
Nb4 28. a3 Nba6 29. Bc2 Qd7 30. Rd1 h6 31. Be3 Qf7 32. Qe4 Qf6 33. d4 Kg8 34.
dxe5 Qxe5 35. Qh7+ Kf8 36. Rf1+ Ke7 37. Bxh6 Qxb2 38. Qe4+ Ne6 39. Bg5+ Kd7 40.
Rf7+ Kd6 41. Qd3+ Qd4 42. Qg3+ Qe5 43. Qd3+ Qd4 44. Bf4+ Kc5 45. Rf5+ Qe5 46.
Rxe5# 1-0

[Event "ENCI Limburg-open C"]
[Site "Maastricht"]
[Date "2010.05.24"]
[Round "7"]
[White "Huebben, Dominik"]
[Black "Strolenberg, Lars"]
[Result "1/2-1/2"]
[WhiteElo "1746"]
[BlackElo "1659"]
[PlyCount "52"]
[EventDate "2010.05.21"]
[EventType "swiss"]
[EventRounds "7"]
[EventCountry "NED"]
[Source "P.Boonen"]
[SourceDate "2010.10.01"]

1. e4 c5 2. c3 d5 3. exd5 Qxd5 4. d4 cxd4 5. cxd4 e5 6. Nf3 exd4 7. Qxd4 Nf6 8.
Bc4 Bb4+ 9. Bd2 Bxd2+ 10. Nbxd2 Qxd4 11. Nxd4 O-O 12. O-O Rd8 13. N2b3 Nbd7 14.
Rfe1 Nb6 15. Be2 Bd7 16. Bf3 Nbd5 17. Nc5 b6 18. Nxd7 Rxd7 19. Nf5 Rad8 20.
Bxd5 Nxd5 21. Rad1 g6 22. Rxd5 Rxd5 23. Ne7+ Kf8 24. Nxd5 Rxd5 25. Kf1 Rd2 26.
Re2 Rd1+ 1/2-1/2

[Event "ENCI Limburg-open C"]
[Site "Maastricht"]
[Date "2010.05.24"]
[Round "7"]
[White "Katoen, Tom"]
[Black "Dekens, Joop"]
[Result "1/2-1/2"]
[WhiteElo "1235"]
[BlackElo "1601"]
[PlyCount "39"]
[EventDate "2010.05.21"]
[EventType "swiss"]
[EventRounds "7"]
[EventCountry "NED"]
[Source "P.Boonen"]
[SourceDate "2010.10.01"]

1. c4 Nf6 2. Nc3 g6 3. Nf3 Bg7 4. g3 d6 5. Bg2 c6 6. O-O O-O 7. e3 c5 8. d4
cxd4 9. exd4 Qc7 10. Qe2 Bd7 11. Bg5 h6 12. Bxf6 Bxf6 13. Nd5 Qd8 14. Rfe1 Nc6
15. Qe3 e6 16. Nxf6+ Qxf6 17. Qxh6 Nxd4 18. Nxd4 Qxd4 19. b3 Bc6 20. Rad1
1/2-1/2

[Event "ENCI Limburg-open C"]
[Site "Maastricht"]
[Date "2010.05.24"]
[Round "7"]
[White "Lemmens, Paul"]
[Black "Schoffelen, Jan"]
[Result "0-1"]
[WhiteElo "1322"]
[BlackElo "1367"]
[PlyCount "64"]
[EventDate "2010.05.21"]
[EventType "swiss"]
[EventRounds "7"]
[EventCountry "NED"]
[Source "P.Boonen"]
[SourceDate "2010.10.01"]

1. e4 c5 2. Nf3 Nc6 3. d4 cxd4 4. Nxd4 Nxd4 5. Qxd4 a6 6. Nc3 e6 7. Bc4 Qc7 8.
Be3 b5 9. Bb3 Bb7 10. O-O-O e5 11. Qd3 Nf6 12. Rhf1 Bb4 13. Nd5 Bxd5 14. Bxd5
Rc8 15. f4 Nxd5 16. exd5 exf4 17. Bxf4 Bd6 18. Qe4+ Kf8 19. c3 Re8 20. Bxd6+
Qxd6 21. Rxf7+ Kxf7 22. Rf1+ Qf6 23. Rxf6+ Kxf6 24. Qd4+ Kf7 25. Qf4+ Kg6 26.
Qd6+ Kg5 27. Qxd7 g6 28. h3 Re1+ 29. Kd2 Rhe8 30. Qg4+ Kf6 31. Qh4+ Kg7 32.
Qd4+ Kg8 0-1

[Event "ENCI Limburg-open C"]
[Site "Maastricht"]
[Date "2010.05.24"]
[Round "7"]
[White "Lennartz, Ludwig"]
[Black "Boer, Jan"]
[Result "1/2-1/2"]
[WhiteElo "1614"]
[BlackElo "1689"]
[PlyCount "40"]
[EventDate "2010.05.21"]
[EventType "swiss"]
[EventRounds "7"]
[EventCountry "NED"]
[Source "P.Boonen"]
[SourceDate "2010.10.01"]

1. d4 Nf6 2. c4 c5 3. d5 b5 4. cxb5 a6 5. bxa6 Bxa6 6. Nc3 g6 7. e4 Bxf1 8.
Kxf1 d6 9. Nf3 Bg7 10. h3 O-O 11. Kg1 Nbd7 12. Kh2 Qb6 13. Re1 c4 14. Re2 Nc5
15. Be3 Nfd7 16. Bd4 Bxd4 17. Qxd4 Qa6 18. Nd2 Nb3 19. Nxb3 cxb3 20. Ree1 Qb7
1/2-1/2

[Event "ENCI Limburg-open C"]
[Site "Maastricht"]
[Date "2010.05.24"]
[Round "7"]
[White "Majhi, Ankit"]
[Black "Mollema, Henk"]
[Result "1-0"]
[WhiteElo "1657"]
[BlackElo "1279"]
[PlyCount "41"]
[EventDate "2010.05.21"]
[EventType "swiss"]
[EventRounds "7"]
[EventCountry "NED"]
[Source "P.Boonen"]
[SourceDate "2010.10.01"]

1. e4 e5 2. Nf3 Nc6 3. Bc4 Nf6 4. d4 exd4 5. e5 Ne4 6. O-O d5 7. Bb5 Bd7 8.
Bxc6 Bxc6 9. Nxd4 Bc5 10. Nxc6 bxc6 11. Qg4 g6 12. Nd2 Ng5 13. Nb3 Be7 14. f4
Ne4 15. f5 Qd7 16. e6 Qd6 17. exf7+ Kd8 18. Bf4 Qf6 19. fxg6 Qh4 20. Qxh4 Bxh4
21. g7 1-0

[Event "ENCI Limburg-open C"]
[Site "Maastricht"]
[Date "2010.05.24"]
[Round "7"]
[White "Mueller, Elias"]
[Black "Heuts, Guido"]
[Result "1-0"]
[WhiteElo "1229"]
[BlackElo "1450"]
[PlyCount "61"]
[EventDate "2010.05.21"]
[EventType "swiss"]
[EventRounds "7"]
[EventCountry "NED"]
[Source "P.Boonen"]
[SourceDate "2010.10.01"]

1. d4 Nf6 2. Bg5 e6 3. e4 Be7 4. Bxf6 Bxf6 5. Nc3 d6 6. Nf3 O-O 7. Bc4 a6 8.
O-O b5 9. Bd3 Bb7 10. Ne2 Nd7 11. Ng3 Be7 12. c4 c6 13. b3 Rc8 14. Qc2 e5 15.
Nf5 Nf6 16. Nxe7+ Qxe7 17. Qb2 Rfd8 18. dxe5 dxe5 19. Qxe5 Qb4 20. Rfd1 Re8 21.
Qf4 Rcd8 22. Qe3 Ng4 23. Qf4 Nf6 24. Qh4 Qc3 25. e5 Nd7 26. Qxh7+ Kf8 27. Qh8+
Ke7 28. Qxg7 Rg8 29. Qh6 Nxe5 30. Nxe5 Qxe5 31. Re1 1-0

[Event "ENCI Limburg-open C"]
[Site "Maastricht"]
[Date "2010.05.24"]
[Round "7"]
[White "Roemhild, Wolfgang"]
[Black "Yue, Tim"]
[Result "0-1"]
[WhiteElo "1675"]
[BlackElo "1733"]
[PlyCount "84"]
[EventDate "2010.05.21"]
[EventType "swiss"]
[EventRounds "7"]
[EventCountry "NED"]
[Source "P.Boonen"]
[SourceDate "2010.10.01"]

1. e4 c5 2. Nf3 d6 3. Bc4 Nc6 4. c3 Nf6 5. d3 Bg4 6. Bf4 a6 7. a4 g6 8. h3 Bxf3
9. Qxf3 Bg7 10. Nd2 Nh5 11. Bxd6 Qxd6 12. Bxf7+ Kd8 13. Nc4 Ne5 14. Nxe5 Qxe5
15. Bd5 Rf8 16. Qe3 Nf4 17. O-O-O Nxd5 18. exd5 Qxe3+ 19. fxe3 Bh6 20. Rde1 b5
21. a5 Rf2 22. Rhg1 b4 23. c4 Bg7 24. d4 cxd4 25. exd4 Bxd4 26. b3 Kd7 27. g4
Raf8 28. Re6 R8f3 29. Rge1 Rc3+ 30. Kd1 Bf6 31. Rxa6 Rd3+ 32. Kc1 Bg5+ 33. Kb1
Rxb3+ 34. Ka1 Bf6+ 35. Rxf6 exf6 36. c5 Ra3+ 37. Kb1 Rxa5 38. c6+ Kd6 39. Re6+
Kxd5 40. c7 Rc5 41. Rb6 Rxc7 42. Rxb4 Re7 0-1

[Event "ENCI Limburg-open C"]
[Site "Maastricht"]
[Date "2010.05.24"]
[Round "7"]
[White "Senders, Justin"]
[Black "Overtoom, Reinier"]
[Result "0-1"]
[WhiteElo "1630"]
[BlackElo "1674"]
[PlyCount "71"]
[EventDate "2010.05.21"]
[EventType "swiss"]
[EventRounds "7"]
[EventCountry "NED"]
[Source "P.Boonen"]
[SourceDate "2010.10.01"]

1. e4 c5 2. Nf3 d6 3. d4 cxd4 4. Nxd4 Nf6 5. Nc3 g6 6. Be3 Bg7 7. f3 Nc6 8. Qd2
O-O 9. Bc4 Bd7 10. O-O-O Ne5 11. Bb3 Qa5 12. Kb1 Rfc8 13. g4 Nc4 14. Bxc4 Rxc4
15. h4 Rac8 16. Nb3 Qc7 17. h5 Bxg4 18. Nb5 Qd7 19. N5d4 Bxh5 20. Rdf1 a6 21.
c3 Qc7 22. Ka1 b5 23. a3 Rb8 24. Bh6 a5 25. Bxg7 Kxg7 26. Rfg1 b4 27. Nf5+ Kh8
28. Qh6 Rg8 29. Nxa5 Qxa5 30. cxb4 Qa7 31. Qd2 Bxf3 32. Rh3 Qxg1+ 33. Ka2 Bxe4
34. Nxe7 d5 35. b5 Qb1+ 36. Kb3 0-1

[Event "ENCI Limburg-open C"]
[Site "Maastricht"]
[Date "2010.05.24"]
[Round "7"]
[White "Senders, Mischa"]
[Black "Henrotte, Nils"]
[Result "0-1"]
[WhiteElo "1613"]
[BlackElo "1655"]
[PlyCount "78"]
[EventDate "2010.05.21"]
[EventType "swiss"]
[EventRounds "7"]
[EventCountry "NED"]
[Source "P.Boonen"]
[SourceDate "2010.10.01"]

1. e4 Nc6 2. Nf3 d5 3. exd5 Qxd5 4. Nc3 Qa5 5. g3 Bg4 6. Bg2 e6 7. O-O Nf6 8.
Ne2 Be7 9. d4 h5 10. h3 Bf5 11. Bg5 Be4 12. c3 Bxf3 13. Bxf3 Qxg5 14. Qa4 O-O
15. Bxc6 bxc6 16. Qxc6 Rfc8 17. Rfe1 h4 18. Kg2 hxg3 19. fxg3 Qd5+ 20. Qxd5
Nxd5 21. Nc1 Bg5 22. Kf2 Rab8 23. Nd3 Bf6 24. Re2 Be7 25. Ne5 Bd6 26. Nc6 Ra8
27. Kf3 a5 28. Rae1 Ra6 29. Ne5 Bxe5 30. Rxe5 Rb8 31. R5e2 Rab6 32. c4 Nf6 33.
b3 a4 34. bxa4 Rb4 35. Rc2 Rxa4 36. Kf4 Rbb4 37. Rec1 Ra3 38. Rg1 Ne8 39. Ke5
Rba4 0-1

[Event "ENCI Limburg-open C"]
[Site "Maastricht"]
[Date "2010.05.24"]
[Round "7"]
[White "Slangen Knuit, Dien"]
[Black "Van den Bosch, Arno"]
[Result "0-1"]
[WhiteElo "1121"]
[BlackElo "1336"]
[PlyCount "72"]
[EventDate "2010.05.21"]
[EventType "swiss"]
[EventRounds "7"]
[EventCountry "NED"]
[Source "P.Boonen"]
[SourceDate "2010.10.01"]

1. d4 Nf6 2. c4 g6 3. Nc3 Bg7 4. e4 d6 5. Nf3 O-O 6. Be2 Bg4 7. O-O Nc6 8. Re1
e5 9. d5 Na5 10. b4 Bxf3 11. Bxf3 Nxc4 12. Qd3 Nb6 13. a4 Nbd7 14. Be3 a5 15.
bxa5 Rxa5 16. Nb5 b6 17. Rec1 Nc5 18. Bxc5 bxc5 19. Qb3 Qd7 20. Qc3 Rfa8 21.
Qc4 Nxd5 22. exd5 e4 23. Nc3 exf3 24. g3 Qh3 25. Qf1 Qxf1+ 26. Kxf1 Bxc3 27.
Rxc3 Rxa4 28. Rd1 Ra1 29. Rcc1 R1a2 30. Ke1 Re2+ 31. Kf1 Raa2 32. Re1 Rxf2+ 33.
Kg1 Rg2+ 34. Kh1 Rxh2+ 35. Kg1 Rag2+ 36. Kf1 Rh1# 0-1

[Event "ENCI Limburg-open C"]
[Site "Maastricht"]
[Date "2010.05.24"]
[Round "7"]
[White "Thirion, Jean Francois"]
[Black "Mathee, Jochen"]
[Result "1/2-1/2"]
[WhiteElo "1660"]
[BlackElo "1611"]
[PlyCount "45"]
[EventDate "2010.05.21"]
[EventType "swiss"]
[EventRounds "7"]
[EventCountry "NED"]
[Source "P.Boonen"]
[SourceDate "2010.10.01"]

1. c4 f5 2. g3 e5 3. Bg2 Nf6 4. e3 d6 5. Nc3 c6 6. Nge2 Be6 7. b3 g6 8. O-O Bg7
9. Bb2 O-O 10. d4 exd4 11. Nxd4 Bf7 12. Qc2 Na6 13. a3 d5 14. cxd5 cxd5 15. b4
Nc7 16. Rac1 Rc8 17. Qb1 Qd7 18. Rfd1 a6 19. Qd3 Ne4 20. Nce2 Rfe8 21. Rc2 Ne6
22. Rdc1 Rxc2 23. Qxc2 1/2-1/2

[Event "ENCI Limburg-open C"]
[Site "Maastricht"]
[Date "2010.05.24"]
[Round "7"]
[White "Tuerlinckx, Ben"]
[Black "Esser, Thomas"]
[Result "1-0"]
[WhiteElo "1692"]
[BlackElo "1677"]
[PlyCount "45"]
[EventDate "2010.05.21"]
[EventType "swiss"]
[EventRounds "7"]
[EventCountry "NED"]
[Source "P.Boonen"]
[SourceDate "2010.10.01"]

1. e4 c5 2. c3 Nf6 3. e5 Nd5 4. d4 cxd4 5. cxd4 d6 6. Bc4 Nb6 7. Bb3 dxe5 8.
Qh5 e6 9. dxe5 Nc6 10. Nf3 Qc7 11. Bf4 Bb4+ 12. Nc3 Ne7 13. O-O Bxc3 14. bxc3
Nbd5 15. Bd2 b6 16. c4 g6 17. Qh3 Ba6 18. Rfc1 Qb7 19. cxd5 Nxd5 20. Bxd5 exd5
21. Bb4 Bd3 22. Bd6 Bf5 23. Qh4 1-0

[Event "ENCI Limburg-open C"]
[Site "Maastricht"]
[Date "2010.05.24"]
[Round "7"]
[White "Uiterwijk, Jos"]
[Black "De Lange, Gerard"]
[Result "0-1"]
[WhiteElo "1702"]
[BlackElo "1599"]
[PlyCount "138"]
[EventDate "2010.05.21"]
[EventType "swiss"]
[EventRounds "7"]
[EventCountry "NED"]
[Source "P.Boonen"]
[SourceDate "2010.10.01"]

1. e4 e5 2. Nf3 Nc6 3. d4 exd4 4. Nxd4 Qf6 5. Be3 Bc5 6. c3 Nge7 7. Qd2 a6 8.
Be2 O-O 9. O-O Qg6 10. Bd3 Ne5 11. f3 Nxd3 12. Qxd3 d5 13. Kh1 Bd6 14. Bf2 c5
15. Nf5 Nxf5 16. exf5 Qxf5 17. Qxf5 Bxf5 18. Nd2 c4 19. Rfe1 Rfe8 20. Nf1 Bd7
21. Bd4 Re6 22. Ng3 Rae8 23. Rxe6 fxe6 24. Re1 e5 25. Bf2 g6 26. Nf1 b5 27. a3
Bf8 28. Bg3 Bg7 29. Ne3 d4 30. Ng4 e4 31. cxd4 exf3 32. Ne5 fxg2+ 33. Kxg2 Bf5
34. Bf4 Rc8 35. Bd2 Bf6 36. Kg3 Kg7 37. h4 h6 38. Re2 Re8 39. Re1 g5 40. hxg5
hxg5 41. Bc3 Rh8 42. Rf1 Rh3+ 43. Kg2 Bc8 44. Rf3 Rxf3 45. Kxf3 Bd8 46. Bd2 Bb6
47. Be3 Kf6 48. Kf2 Kf5 49. Nf7 Kf6 50. Nxg5 Kf5 51. Nf3 Ke4 52. Nd2+ Kd3 53.
Ke1 Bxd4 54. Bxd4 Kxd4 55. Kd1 Kd3 56. Kc1 Bg4 57. Nb1 a5 58. Nc3 Bd7 59. Na2
Kd4 60. Nc3 b4 61. axb4 axb4 62. Nd1 Kd3 63. Nf2+ Ke3 64. Nd1+ Ke2 65. Kc2 Bf5+
66. Kc1 Be4 67. Nc3+ bxc3 68. bxc3 Kd3 69. Kb2 Kd2 0-1

[Event "ENCI Limburg-open C"]
[Site "Maastricht"]
[Date "2010.05.24"]
[Round "7"]
[White "Van Broekhoven, Stefan"]
[Black "Visse, Bernard"]
[Result "0-1"]
[WhiteElo "1309"]
[BlackElo "1641"]
[PlyCount "96"]
[EventDate "2010.05.21"]
[EventType "swiss"]
[EventRounds "7"]
[EventCountry "NED"]
[Source "P.Boonen"]
[SourceDate "2010.10.01"]

1. e4 c5 2. Bc4 a6 3. a4 Nc6 4. Nc3 Nf6 5. Nf3 e6 6. d3 Be7 7. O-O d6 8. Re1
O-O 9. h3 Bd7 10. Be3 Qc8 11. Qd2 e5 12. Nd5 Nxd5 13. Bxd5 Be6 14. Bxc6 bxc6
15. c4 Rb8 16. Rab1 f5 17. Bg5 Bxg5 18. Nxg5 f4 19. Nxe6 Qxe6 20. b4 cxb4 21.
Rxb4 c5 22. Rxb8 Rxb8 23. Qa5 Qc8 24. Qc3 Rb4 25. Qc2 a5 26. Kh2 Qe8 27. Ra1 h6
28. Qd1 Kh7 29. Qg4 Rb3 30. Qd1 Rb2 31. Qf3 Qg6 32. Rg1 Qf6 33. Rf1 Ra2 34. Qd1
Qh4 35. Qg4 Qxg4 36. hxg4 Rxa4 37. Re1 Ra2 38. Kg1 a4 39. g3 g5 40. gxf4 gxf4
41. Kg2 Kg6 42. Rh1 a3 43. Kf3 Rb2 44. Rf1 a2 45. Ra1 Rd2 46. Kg2 Kg5 47. Kf1
f3 48. Ke1 Rb2 0-1

[Event "ENCI Limburg-open C"]
[Site "Maastricht"]
[Date "2010.05.24"]
[Round "7"]
[White "Van Meegen, Judith"]
[Black "Coenjaerts, Rene"]
[Result "1/2-1/2"]
[WhiteElo "1254"]
[BlackElo "1717"]
[PlyCount "31"]
[EventDate "2010.05.21"]
[EventType "swiss"]
[EventRounds "7"]
[EventCountry "NED"]
[Source "P.Boonen"]
[SourceDate "2010.10.01"]

1. e4 e5 2. Nf3 Nf6 3. Nc3 Bb4 4. d3 Nc6 5. Bg5 h6 6. Bh4 O-O 7. Be2 Be7 8. O-O
d6 9. d4 exd4 10. Nxd4 Nxd4 11. Qxd4 Bd7 12. Rad1 Qc8 13. e5 dxe5 14. Qxe5 Bd6
15. Qd4 Ng4 16. Bg3 1/2-1/2

[Event "ENCI Limburg-open C"]
[Site "Maastricht"]
[Date "2010.05.24"]
[Round "7"]
[White "Van Steenwinckel, Hugo"]
[Black "Been, Klaas"]
[Result "1-0"]
[WhiteElo "1645"]
[BlackElo "1735"]
[PlyCount "41"]
[EventDate "2010.05.21"]
[EventType "swiss"]
[EventRounds "7"]
[EventCountry "NED"]
[Source "P.Boonen"]
[SourceDate "2010.10.01"]

1. e4 e5 2. Nf3 Nc6 3. d4 exd4 4. Nxd4 Bc5 5. Be3 Qf6 6. c3 Nge7 7. Bc4 Nxd4 8.
cxd4 Bb4+ 9. Nc3 Bxc3+ 10. bxc3 Qg6 11. Qf3 O-O 12. O-O Qc6 13. Bb3 Qxc3 14.
Rac1 Qa5 15. Rc5 Qb6 16. Qg3 d6 17. Rg5 Ng6 18. h4 Kh8 19. h5 h6 20. hxg6 hxg5
21. Qh2+ 1-0